Areál likérky Old Herold v Trenčíne, revitalizácia vybraných objektov

Saved in:
Bibliographic Details
Main Author: Volfová, Dorota (Author)
Other Authors: Vodrážka, Peter (Thesis advisor)
Format: Manuscript Book
Language:Slovak
Published: Bratislava 2017
Subjects:
Online Access:http://is.stuba.sk/zp/portal_zp.pl?podrobnosti=128337
Tags: Add Tag
No Tags, Be the first to tag this record!

MARC

LEADER 00000ntm a22000003a 4500
001 stuzp63844
003 SK-STU
005 20210215125244.2
007 ta
008 150427s2015----xo-----f-mn---000-0-slo-d
040 |a STU  |b slo 
041 0 |a slo 
100 1 |a Volfová, Dorota  |u 053130  |4 aut  |U FAD Fakulta architektúry  |T FA Ústav dejín a teórie architektúry a obnovy pamiatok  |X 62181  |U A3130  |Y 394  |7 62181 
242 0 1 |a oLD hEROVD k.V.A.S.  |y eng 
245 1 0 |a Areál likérky Old Herold v Trenčíne, revitalizácia vybraných objektov 
260 |c 2017  |a Bratislava 
650 4 |a AREÁL  |2 slo 
650 4 |a PRODUKTOVOD  |2 slo 
650 4 |a INDUSTIÁL  |2 slo 
650 4 |a INDUSTY  |2 eng 
650 4 |a NETLINE  |2 eng 
650 4 |a ARCHITECTURE  |2 eng 
700 1 |a Vodrážka, Peter  |u 053130  |k Z1  |4 ths  |U FAD Fakulta architektúry  |T FA Ústav dejín a teórie architektúry a obnovy pamiatok  |X 459  |U A3130  |Y 394  |7 A000000459 
856 4 |u http://is.stuba.sk/zp/portal_zp.pl?podrobnosti=128337  |u https://opac.crzp.sk/?fn=detailBiblioForm&sid=E7FF18FD4FFD5019DBFBE83CC38C